大手私鉄別 乗降客数が多い優等通過駅 - Statistics

General Stats
  • This quiz has been taken 531 times
  • The average score is 19 of 80
Answer Stats
事業者 順位 駅名 乗降客数 % Correct
東武鉄道 1 竹ノ塚 59,069
54%
東武鉄道 2 東武練馬 48,065
40%
東急電鉄 1 蒲田 128,868
40%
相模鉄道 4 西横浜 12,407
40%
東武鉄道 4 大山 41,967
39%
相模鉄道 5 平沼橋 7,244
38%
相模鉄道 1 上星川 19,644
37%
東急電鉄 2 五反田 82,403
36%
東京地下鉄 1 新宿 160,781
36%
西武鉄道 3 江古田 24,432
35%
京王電鉄 3 駒場東大前 24,995
35%
東急電鉄 5 都立大学 40,570
35%
東武鉄道 5 ときわ台 37,998
34%
京王電鉄 2 国領 30,015
34%
西武鉄道 2 中村橋 33,149
33%
小田急電鉄 1 梅ヶ丘 27,371
33%
小田急電鉄 2 喜多見 26,993
33%
相模鉄道 3 和田町 12,907
33%
東武鉄道 3 獨協大学前 46,419
32%
西武鉄道 1 国分寺 93,722
32%
京成電鉄 1 京成立石 29,716
32%
相模鉄道 2 天王町 19,641
31%
京浜急行電鉄 1 雑色 24,401
29%
東京地下鉄 3 東京 131,037
29%
西武鉄道 5 富士見台 22,957
28%
京成電鉄 2 お花茶屋 27,281
28%
東急電鉄 3 大倉山 44,836
28%
京浜急行電鉄 2 生麦 22,450
28%
京浜急行電鉄 5 大森町 16,935
27%
京阪電気鉄道 2 野江 12,445
27%
京王電鉄 1 高井戸 33,435
26%
東急電鉄 4 宮崎台 40,874
26%
京成電鉄 4 京成関屋 20,794
25%
京王電鉄 5 三鷹台 17,225
25%
阪急電鉄 3 三国 20,752
25%
京王電鉄 4 浜田山 23,314
24%
京浜急行電鉄 4 黄金町 18,302
24%
近畿日本鉄道 2 長瀬 21,026
24%
京阪電気鉄道 1 関目 14,930
24%
阪神電気鉄道 1 春日野道 13,302
24%
阪急電鉄 1 園田 24,117
24%
京成電鉄 3 京成千葉 24,842
23%
京成電鉄 5 京成金町 20,203
23%
京阪電気鉄道 5 森小路 9,943
23%
名古屋鉄道 1 豊田市 36,470
22%
阪急電鉄 2 庄内 22,095
22%
阪急電鉄 4 北千里 19,452
22%
東京地下鉄 2 新橋 147,141
21%
西武鉄道 4 武蔵境 24,123
20%
阪急電鉄 5 今津 19,195
19%
小田急電鉄 3 鶴間 25,251
18%
小田急電鉄 4 六会日大前 24,461
18%
近畿日本鉄道 1 八戸ノ里 24,061
18%
阪神電気鉄道 3 出屋敷 11,357
18%
阪神電気鉄道 5 岩屋 9,439
18%
京浜急行電鉄 3 小島新田 18,800
17%
小田急電鉄 5 善行 22,513
17%
阪神電気鉄道 2 姫島 12,354
17%
西日本鉄道 4 雑餉隈 13,290
17%
名古屋鉄道 2 刈谷 36,470
16%
京阪電気鉄道 4 交野市 10,349
16%
阪神電気鉄道 4 新在家 10,057
16%
西日本鉄道 2 高宮 17,165
15%
西日本鉄道 5 西鉄平尾 11,380
15%
名古屋鉄道 3 小牧 11,278
14%
南海電気鉄道 2 七道 9,564
14%
京阪電気鉄道 3 河内森 11,143
14%
西日本鉄道 3 貝塚 14,622
14%
名古屋鉄道 5 日進 10,422
13%
近畿日本鉄道 3 河内天美 16,444
13%
近畿日本鉄道 4 新石切 16,187
13%
南海電気鉄道 1 住ノ江 10,113
13%
南海電気鉄道 3 我孫子前 7,370
13%
南海電気鉄道 4 浅香山 7,211
13%
西日本鉄道 1 井尻 19,525
13%
東京地下鉄 4 西日暮里 128,550
11%
東京地下鉄 5 市ケ谷 102,747
10%
近畿日本鉄道 5 吉田 14,389
10%
南海電気鉄道 5 沢ノ町 7,062
10%
名古屋鉄道 4 浄水 10,706
8%
No matching quizzes found
Score Distribution
Percent of People with Each Score
Percentile by Number Answered
Your Score History
You have not taken this quiz